Migration from the Eastern Partnership Countries to the European Union - Options for a Better Future IZA Research Report No. 55
Saved in:
| Main Author: | |
|---|---|
| Other Authors: | , , |
| Format: | Book |
| Language: | English |
| Published: |
Bonn
IZA
2013
|
| Edition: | 1st Edition |
| Subjects: | |
| Tags: |
No Tags, Be the first to tag this record!
|
MARC
| LEADER | 00000nlm a2200000 4500 | ||
|---|---|---|---|
| 001 | 0307534 | ||
| 005 | 20250307103546.6 | ||
| 041 | 0 | |a eng | |
| 044 | |a DE | ||
| 245 | 1 | 0 | |a Migration from the Eastern Partnership Countries to the European Union - Options for a Better Future |b IZA Research Report No. 55 |c Luca Barbone, Martin Kahanec, Lucia Kureková, Klaus F. Zimmermann |
| 250 | |a 1st Edition | ||
| 264 | 1 | |a Bonn |b IZA |c 2013 | |
| 300 | |a 46 s. | ||
| 610 | 2 | 0 | |a kapitál ľudský |
| 610 | 2 | 0 | |a východná Európa |
| 610 | 2 | 0 | |a Európska únia |
| 610 | 2 | 0 | |a trh práce |
| 610 | 2 | 0 | |a migrácia |
| 100 | 1 | |a Barbone, Luca | |
| 700 | 1 | |a Kahanec, Martin, 1977- | |
| 700 | 1 | |a Kureková, Lucia | |
| 700 | 1 | |a Zimmermann, Klaus F. | |